Clasificación histórica de LaLiga en orden - Estadísticas

Estadísticas generales
  • Esta prueba ha sido intentada 137 veces
  • La puntuación promedio es 19 de 63
Estadísticas de respuestas
Pts
Históricos
Equipo % Correcto
5043 Real Madrid
100%
4937 Barcelona
97%
4053 Atletico Madrid
96%
3801 Valencia
92%
3284 Sevilla
91%
3805 Athletic Club
90%
3029 Real Sociedad
74%
3040 Espanyol
71%
2339 Real Betis
70%
2109 Real Zaragoza
61%
2154 Celta Vigo
58%
1843 Deportivo La Coruña
57%
1641 Osasuna
45%
1415 Racing Santander
43%
1641 Real Valladolid
43%
1389 Sporting Gijon
43%
1114 Las Palmas
36%
1358 Mallorca
34%
1174 Oviedo
34%
925 Getafe
32%
1439 Villareal
32%
791 Málaga
29%
828 Granada
27%
714 Alaves
26%
631 Levante
25%
875 Rayo Vallecano
23%
510 Tenerife
22%
19 CA Tetuán
21%
709 Elche
21%
34 Xerez CD
21%
499 Cadiz
19%
14 Cultural Leonesa
18%
302 Eibar
18%
301 Almería
17%
540 CD Malaga
17%
230 Córdoba
17%
259 Girona
17%
353 Sabadell
17%
538 Hércules
16%
67 Huesca
16%
445 Real Murcia
16%
377 UD Salamanca
16%
257 Albacete
14%
285 Castellón
14%
22 Condal
14%
42 Europa
14%
199 Leganés
13%
293 Logroñes
13%
148 Numancia
13%
188 Recreativo Huelva
13%
40 Lleida
12%
168 Burgos CF
10%
91 Gimnastic Tarragona
10%
96 Real Burgos
10%
190 SD Compostela
10%
76 Alcoyano
9%
107 Arenas
9%
150 Pontevedra
9%
56 Real Unión
9%
83 Extremadura
8%
81 Merida
8%
71 Real Jaen
8%
52 AD Almería
6%
No se encontraron pruebas coincidentes
Distribución de puntuación
Porcentaje de gente con cada puntuación
Porcentaje por número respondido
Historial de tus puntuaciones
No has intentado esta prueba.